Municipios españoles más poblados que comienzan con J - Estadísticas

Estadísticas generales
  • Esta prueba ha sido intentada 494 veces
  • La puntuación promedio es 4 de 11
Estadísticas de respuestas
Población Municipio Comunidad % Correcto
111.767 Jaén Andalucía
95%
214.294 Jerez de la Frontera Andalucía
88%
13.594 Jaca Aragón
55%
30.249 Jávea Com. Valenciana
50%
26.695 Jumilla Murcia
47%
9.167 Jerez de los Caballeros Extremadura
35%
7.029 Jijona Com. Valenciana
25%
11.445 Jódar Andalucía
18%
6.654 Jaraíz de la Vera Extremadura
17%
6.730 Jimena de la Frontera Andalucía
12%
5.906 Jaraco Com. Valenciana
5%
No se encontraron pruebas coincidentes
Distribución de puntuación
Porcentaje de gente con cada puntuación
Porcentaje por número respondido
Historial de tus puntuaciones
No has intentado esta prueba.